| 000 | 01728nam a2200277Ia 4500 | ||
|---|---|---|---|
| 999 |
_c51071 _d51071 |
||
| 001 | 18028 | ||
| 003 | GE_BSU | ||
| 005 | 20200516224358.0 | ||
| 008 | 181216s1974||||ge |||||||||||||| ||geo|| | ||
| 040 | _cGE_BSU | ||
| 041 | _ageo | ||
| 080 | _a811.353.1'373+ 611 გ-30 | ||
| 100 |
_aგელენიძე, ლატავრა _98071 |
||
| 245 |
_aადამიანის ანატომია-ფიზიოლოგიასთან დაკავშირებული ლექსიკა ძველ ქართულში : _bსხვა ქართველური ენების მონაცემებთან შედარებით / _cლატავრა გელენიძე ; რედ. მ. ჭაბაშვილი. |
||
| 264 |
_aთბილისი : _bმეცნიერება, _c1974. |
||
| 300 |
_a299 გვ. ; _c 22 სმ. |
||
| 500 | _aსაძიებელი : გვ.285-297 | ||
| 653 | _aადამიანის ანატომია-ფიზიოლოგიასთან დაკავშირებული ლექსიკა ძველ ქართულში | ||
| 653 | _aადამიანის ფიზიოლოგია | ||
| 653 | _a ძველი ქართული ენის ლექსიკა | ||
| 653 | _aქართველური ენების ლექსიკა | ||
| 700 |
_aჭაბაშვილი, მ. _eრედაქტორი _98021 |
||
| 710 |
_aსაქ. სსრ მეცნიერებათა აკადემია _98053 |
||
| 710 |
_aენთმეცნიერების ინსტიტუტი _98072 |
||
| 942 |
_cBK _2udc |
||